[Event "U.S. Open"]
[Site "Columbus, Ohio"]
[Date "1977.08.07"]
[Round "1"]
[White "Moody, David"]
[Black "Tobin, Hugh"]
[Result "0-1"]
[WhiteElo "1557"]
[BlackElo "2191"]
[PlyCount "48"]
[EventDate "1977.08.07"]

1. Nc3 g6 2. e4 Bg7 3. d4 d6 4. f4 Nf6 5. Nf3 c5 6. dxc5 Qa5 7. Bd2 Qxc5 8. Bd3
O-O 9. Qe2 a6 10. O-O-O Bg4 11. h3 Bxf3 12. Qxf3 Nc6 13. g4 Rfc8 14. h4 b5 15.
Be3 Qb4 16. Bb6 Nd4 17. Qg3 Rxc3 18. bxc3 Qxc3 19. Bxd4 Qxd4 20. e5 dxe5 21.
fxe5 Nxg4 22. Rhg1 Bh6+ 23. Kb1 Qb4+ 24. Ka1 Bf4 0-1

[Event "1st Kwik Kash Quad"]
[Site "Columbus, Ohio"]
[Date "1977.08.08"]
[Round "2"]
[White "Moody, David"]
[Black "Braak, Dairen"]
[Result "0-1"]
[WhiteElo "1557"]
[BlackElo "1556"]
[PlyCount "80"]
[EventDate "1977.08.08"]

1. Nc3 d5 2. d4 Nf6 3. Bg5 e6 4. e4 dxe4 5. Nxe4 Nbd7 6. Nf3 Be7 7. Nxf6+ Nxf6
8. Bd3 O-O 9. Qe2 Nd5 10. h4 Qd6 11. Bxe7 Qxe7 12. Ng5 g6 13. Qg4 e5 14. Qg3
exd4+ 15. Kd2 Qf6 16. h5 Qf4+ 17. Qxf4 Nxf4 18. hxg6 hxg6 19. Bc4 Ne6 20. Nh7
Rd8 21. Nf6+ Kg7 22. Ne4 b6 23. Rh4 Bd7 24. Bxe6 Bxe6 25. Ng5 c5 26. Rah1 Rh8
27. Rxh8 Rxh8 28. Rxh8 Kxh8 29. Nxe6 fxe6 30. b4 c4 31. Ke2 Kg7 32. Kd2 e5 33.
f3 Kf6 34. g3 Kf5 35. Ke2 g5 36. a4 g4 37. fxg4+ Kxg4 38. a5 bxa5 39. bxa5 Kxg3
40. a6 e4 0-1

[Event "1st Kwik Kash Quad"]
[Site "Columbus, Ohio"]
[Date "1977.08.08"]
[Round "1"]
[White "Maynard, Buddy"]
[Black "Moody, David"]
[Result "0-1"]
[WhiteElo "1552"]
[BlackElo "1557"]
[PlyCount "102"]
[EventDate "1977.08.08"]

1. d4 d5 2. c4 dxc4 3. Qa4+ c6 4. Qxc4 Nf6 5. Nf3 g6 6. e3 Bg7 7. Bd3 O-O 8.
O-O Qa5 9. Bd2 Qh5 10. Bb4 Be6 11. Qc2 Nd5 12. Bd2 Bg4 13. Ne5 Bxe5 14. dxe5
Qxe5 15. Nc3 Nb4 16. Qa4 Nxd3 17. Qxg4 Rd8 18. Ne2 Qb5 19. b3 Ne5 20. Qb4 Qxe2
21. Bc3 Qh5 22. Qxe7 Nbd7 23. Rad1 Re8 24. Qd6 Rad8 25. Qc7 Rf8 26. Bxe5 Qxe5
27. Rxd7 Qxc7 28. Rxc7 Rd2 29. Rxb7 Rxa2 30. Rc7 Rb8 31. Rxc6 Rxb3 32. g3 Rbb2
33. Rcc1 a5 34. Ra1 a4 35. Rxa2 Rxa2 36. Rc1 a3 37. Kg2 Rb2 38. Rc5 a2 39. Ra5
Kf8 40. Kf3 Ke7 41. h4 Kd6 42. g4 Kc6 43. Ke4 Rxf2 44. Kd3 Kb6 45. Ra8 Kc5 46.
h5 Kb4 47. Rb8+ Ka3 48. Ra8+ Kb2 49. Rb8+ Kc1 50. Ra8 Kb1 51. hxg6 hxg6 0-1

[Event "U.S. Open"]
[Site "Columbus, Ohio"]
[Date "1977.08.08"]
[Round "2"]
[White "Harris, Philip"]
[Black "Moody, David"]
[Result "0-1"]
[WhiteElo "1218"]
[BlackElo "1557"]
[PlyCount "96"]
[EventDate "1977.08.07"]

1. e4 e5 2. Nf3 Nc6 3. Bc4 Nf6 4. d4 exd4 5. Nxd4 Bc5 6. Nb3 Bb6 7. Bg5 Bxf2+
8. Kf1 Bb6 9. c3 h6 10. Bxf6 Qxf6+ 11. Qf3 Qxf3+ 12. gxf3 Ne5 13. N1d2 d6 14.
h3 Be6 15. Bxe6 fxe6 16. Ke2 Rf8 17. Nd4 Kd7 18. Raf1 Rae8 19. b4 Bxd4 20. cxd4
Nc6 21. Ke3 Nxb4 22. Rb1 a5 23. a3 Nc2+ 24. Kf2 Nxa3 25. Rxb7 Rb8 26. Ra7 Ra8
27. Rxa8 Rxa8 28. Ra1 Nc2 29. Ra4 Nb4 30. Nc4 Nc6 31. Ke3 d5 32. Nd2 Rb8 33.
Kd3 Rb4 34. Rxb4 Nxb4+ 35. Kc3 Kc6 36. Nb1 Kb5 37. Kb3 a4+ 38. Kc3 Nc6 39. Na3+
Ka5 40. Nc2 Na7 41. Nb4 Nb5+ 42. Kb2 Kxb4 43. Ka2 a3 44. e5 Nc3+ 45. Ka1 Kb3
46. f4 a2 47. f5 Nb5 48. f6 Na3 0-1

[Event "U.S. Open"]
[Site "Columbus, Ohio"]
[Date "1977.08.09"]
[Round "3"]
[White "Moody, David"]
[Black "Nash, Edmund"]
[Result "0-1"]
[WhiteElo "1557"]
[BlackElo "1846"]
[PlyCount "52"]
[EventDate "1977.08.07"]

1. Nc3 d5 2. d4 Bf5 3. Nf3 e6 4. Bf4 Be7 5. e3 h5 6. Bd3 g5 7. Bxf5 exf5 8. Be5
f6 9. Nxg5 fxe5 10. Ne6 Qd7 11. Ng7+ Kf7 12. Nxh5 exd4 13. exd4 Qe6+ 14. Kf1
Bd6 15. Qf3 c6 16. Re1 Qg6 17. Nf4 Bxf4 18. Qxf4 Na6 19. Re5 Nh6 20. h4 Rae8
21. h5 Qg4 22. Qe3 f4 23. Rxe8 fxe3 24. Rxh8 Qf5 25. Nd1 Qxc2 26. Ke1 Qd2+ 0-1

[Event "U.S. Open"]
[Site "Columbus, Ohio"]
[Date "1977.08.10"]
[Round "4"]
[White "Palm, Lowell"]
[Black "Moody, David"]
[Result "0-1"]
[WhiteElo "1373"]
[BlackElo "1557"]
[PlyCount "46"]
[EventDate "1977.08.07"]

1. e4 e5 2. Nf3 Nc6 3. Bb5 a6 4. Bxc6 dxc6 5. Nxe5 Qd4 6. Nf3 Qxe4+ 7. Qe2
Qxe2+ 8. Kxe2 Bf5 9. d3 O-O-O 10. Be3 Bd6 11. Nbd2 Nf6 12. Bd4 Rhe8+ 13. Kf1
Nd5 14. Bxg7 Nb4 15. Nd4 Nxc2 16. Rc1 Bxd3+ 17. Kg1 Nxd4 18. Bxd4 Bf4 19. Be3
Rxe3 20. g3 Re2 21. gxf4 Rxd2 22. h3 Be4 23. Rh2 Rd1+ 0-1

[Event "2nd Kwik Kash Quad"]
[Site "Columbus, Ohio"]
[Date "1977.08.10"]
[Round "2"]
[White "Owen, H. R.."]
[Black "Moody, David"]
[Result "0-1"]
[WhiteElo "1580"]
[BlackElo "1577"]
[PlyCount "86"]
[EventDate "1977.08.10"]

1. c4 e6 2. Nc3 Nf6 3. g3 c6 4. Bg2 d5 5. cxd5 exd5 6. e3 Bg4 7. Qb3 Qb6 8.
Qxb6 axb6 9. Nge2 Na6 10. O-O Nb4 11. d4 Bxe2 12. Nxe2 Rxa2 13. Bd2 Rxa1 14.
Rxa1 Na6 15. b4 b5 16. Nc1 Bd6 17. Nb3 Nd7 18. Na5 Bxb4 19. Bxb4 Nxb4 20. Nxb7
Ke7 21. Ra7 Kf6 22. Nd6 Nb6 23. Rxf7+ Ke6 24. Rb7 Kxd6 25. Rxg7 Nc2 26. Rb7 Nc4
27. Bh3 c5 28. dxc5+ Kxc5 29. Bf5 N2a3 30. Bxh7 b4 31. h4 b3 32. Bd3 b2 33. Kf1
b1=Q+ 34. Bxb1 Nxb1 35. Kg2 Nbd2 36. Rf7 Ne4 37. Rc7+ Kd6 38. Ra7 Rf8 39. Ra2
Ncd2 40. f4 Rg8 41. g4 Rxg4+ 42. Kh3 Nf2+ 43. Kh2 Nf3# 0-1

[Event "2nd Kwik Kash Quad"]
[Site "Columbus, Ohio"]
[Date "1977.08.10"]
[Round "1"]
[White "Moody, David"]
[Black "Doughty, Greg"]
[Result "1/2-1/2"]
[WhiteElo "1557"]
[BlackElo "1584"]
[PlyCount "52"]
[EventDate "1977.08.10"]

1. Nc3 d6 2. e4 Nf6 3. d4 g6 4. Bc4 Bg7 5. Nf3 O-O 6. Qe2 Bg4 7. h3 Bxf3 8.
Qxf3 Nc6 9. Be3 e5 10. dxe5 Nxe5 11. Qe2 Nxe4 12. Nxe4 Nxc4 13. Bg5 f6 14.
Nxf6+ Bxf6 15. Qxc4+ d5 16. Bxf6 Rxf6 17. Qe2 Qd7 18. O-O-O Qa4 19. Rxd5 Qxa2
20. Rd7 Qa1+ 21. Kd2 Qxh1 22. Qe7 Rd6+ 23. Rxd6 cxd6 24. Qe6+ Kg7 25. Qe7+ Kh6
26. Qh4+ Kg7 1/2-1/2

[Event "Handicap Scoring Tournament"]
[Site "Columbus, Ohio"]
[Date "1977.08.11"]
[Round "3"]
[White "Moody, David"]
[Black "Paese, Mike"]
[Result "1-0"]
[WhiteElo "1538"]
[BlackElo "1364"]
[PlyCount "61"]
[EventDate "1977.08.11"]

1. Nc3 d5 2. d4 e6 3. Bf4 Bb4 4. e3 c5 5. Nf3 cxd4 6. exd4 Bxc3+ 7. bxc3 Nc6 8.
Bd3 Nf6 9. Ne5 Bd7 10. Rb1 Rb8 11. Nxc6 Bxc6 12. Bxb8 Qxb8 13. Bb5 Bxb5 14.
Rxb5 O-O 15. f3 Qc7 16. Rb3 Qa5 17. O-O Qxa2 18. Rxb7 Qa5 19. Rb3 Rc8 20. Qb1
h6 21. Qa1 Qc7 22. Rfb1 a5 23. Qa3 e5 24. dxe5 Qxe5 25. Qxa5 Re8 26. Qa7 Kh7
27. Qd4 Qe6 28. Rb6 Qe2 29. Qd3+ Qxd3 30. cxd3 Re3 31. Rd1 1-0

[Event "Handicap Scoring Tournament"]
[Site "Columbus, Ohio"]
[Date "1977.08.11"]
[Round "1"]
[White "Moody, David"]
[Black "Cunningham, Walter"]
[Result "1/2-1/2"]
[WhiteElo "1538"]
[BlackElo "1556"]
[PlyCount "68"]
[EventDate "1977.08.11"]

1. Nc3 e5 2. e4 Nc6 3. Bc4 Nf6 4. d3 Bb4 5. Nf3 d5 6. exd5 Nxd5 7. O-O Nxc3 8.
bxc3 Bxc3 9. Rb1 O-O 10. Ba3 Re8 11. Qe2 Nd4 12. Nxd4 Bxd4 13. Qe4 c6 14. Rfe1
Bb6 15. c3 Be6 16. Qxe5 Bxc4 17. Qxe8+ Qxe8 18. Rxe8+ Rxe8 19. dxc4 Re2 20. c5
Rxa2 21. cxb6 Rxa3 22. bxa7 Rxa7 23. Kf1 b5 24. c4 Rb7 25. Ke1 Kf8 26. Kd2 b4
27. c5 Ke7 28. Kd3 Ke6 29. Kc4 b3 30. Rb2 f5 31. f4 h6 32. h4 Rb5 33. Re2+ Kf6
34. Rb2 Ke6 1/2-1/2

[Event "U.S. Open"]
[Site "Columbus, Ohio"]
[Date "1977.08.11"]
[Round "5"]
[White "Moody, David"]
[Black "Carr, David"]
[Result "1-0"]
[WhiteElo "1557"]
[BlackElo "1781"]
[PlyCount "33"]
[EventDate "1977.08.07"]

1. Nc3 f5 2. e4 e5 3. Bc4 Nf6 4. exf5 d5 5. Nxd5 Nxd5 6. Qh5+ Ke7 7. d4 exd4 8.
Bg5+ Nf6 9. Bxf6+ Kxf6 10. Qh4+ Kxf5 11. g4+ Kg6 12. Qh5+ Kf6 13. Qf7+ Ke5 14.
Nf3+ Kd6 15. Qd5+ Ke7 16. Qe5+ Kd7 17. Qe6# 1-0

[Event "U.S. Open"]
[Site "Columbus, Ohio"]
[Date "1977.08.12"]
[Round "6"]
[White "Rice, Joseph"]
[Black "Moody, David"]
[Result "0-1"]
[WhiteElo "1859"]
[BlackElo "1557"]
[PlyCount "122"]
[EventDate "1977.08.07"]

1. e4 e5 2. Nf3 Nc6 3. Bb5 a6 4. Ba4 Nf6 5. O-O Be7 6. Re1 b5 7. Bb3 O-O 8. c3
d5 9. exd5 Nxd5 10. Nxe5 Nxe5 11. Rxe5 c6 12. d4 Bd6 13. Re1 Qh4 14. g3 Qh3 15.
Be3 Bg4 16. Qd3 Rae8 17. Nd2 Re6 18. Qf1 Qh5 19. Bd1 Rfe8 20. Bxg4 Qxg4 21. f3
Qh5 22. Bf2 Nf4 23. Rxe6 Rxe6 24. Re1 Rh6 25. Re8+ Bf8 26. h4 Qg6 27. Kh1 f5
28. Re1 Nh5 29. Qg2 Qd6 30. f4 Rg6 31. Qh2 Qd5+ 32. Qg2 Qxg2+ 33. Kxg2 Nxf4+
34. Kf3 Nd3 35. Rb1 Nxf2 36. Kxf2 Bd6 37. Rg1 Kf7 38. Kf3 Ke6 39. Nb3 Kd5 40.
Nc1 Kc4 41. Ne2 Rg4 42. Rd1 a5 43. b3+ Kd5 44. Rd3 g6 45. Re3 Re4 46. Nf4+ Bxf4
47. gxf4 b4 48. cxb4 axb4 49. Rd3 Rxd4 50. Ke3 c5 51. Ke2 Rxd3 52. Kxd3 h6 53.
Ke3 c4 54. bxc4+ Kxc4 55. Kd2 Kd4 56. Kc2 Ke4 57. Kb3 Kxf4 58. Kxb4 Ke5 59. a4
Kd6 60. Kc4 g5 61. Kd4 g4 0-1

[Event "U.S. Open"]
[Site "Columbus, Ohio"]
[Date "1977.08.14"]
[Round "7"]
[White "Moody, David"]
[Black "Harkins, James"]
[Result "0-1"]
[WhiteElo "1557"]
[BlackElo "1972"]
[PlyCount "38"]
[EventDate "1977.08.07"]

1. Nc3 d5 2. d4 Bf5 3. Nf3 e6 4. Bg5 Be7 5. Bxe7 Nxe7 6. e3 O-O 7. Bd3 Nd7 8.
Qe2 c5 9. e4 dxe4 10. Bxe4 Qb6 11. O-O-O Nf6 12. Bxf5 Nxf5 13. Na4 Qa5 14. Nxc5
Qxa2 15. Nd2 Nxd4 16. Qe5 Nc6 17. Qe2 Rac8 18. Ndb3 b6 19. Nd3 Qxb3 0-1

[Event "3rd Kwik Kash Quad"]
[Site "Columbus, Ohio"]
[Date "1977.08.15"]
[Round "2"]
[White "Moody, David"]
[Black "Ward, Thomas"]
[Result "0-1"]
[WhiteElo "1557"]
[BlackElo "1577"]
[PlyCount "56"]
[EventDate "1977.08.15"]

1. Nc3 d5 2. d4 Nf6 3. Bg5 e6 4. e4 Bb4 5. e5 h6 6. Bd2 Bxc3 7. bxc3 Ne4 8. Qg4
g6 9. Nf3 Nxd2 10. Kxd2 c5 11. h4 Nc6 12. Rh3 c4 13. Ng1 Bd7 14. f4 Qc7 15. h5
Ne7 16. Nf3 O-O-O 17. Be2 Rdg8 18. Qh4 Be8 19. g4 Qd8 20. Qg3 gxh5 21. Rxh5 f5
22. Rh4 Rxg4 23. Rxg4 fxg4 24. Qxg4 Nf5 25. Rh1 Bf7 26. Nh4 Rg8 27. Qh3 Ng3 28.
Rg1 Ne4+ 0-1

[Event "U.S. Open"]
[Site "Columbus, Ohio"]
[Date "1977.08.15"]
[Round "8"]
[White "Mirijanian, George"]
[Black "Moody, David"]
[Result "0-1"]
[WhiteElo "1813"]
[BlackElo "1557"]
[PlyCount "130"]
[EventDate "1977.08.07"]

1. e4 e5 2. Nf3 Nc6 3. Bb5 a6 4. Ba4 Nf6 5. O-O Be7 6. Re1 b5 7. Bb3 O-O 8. d4
d6 9. c3 Bg4 10. d5 Na5 11. Bc2 Nc4 12. h3 Bh5 13. b3 Nb6 14. Nbd2 Qd7 15. Nf1
Kh8 16. Ng3 Bg6 17. Be3 Ng8 18. Nf5 f6 19. N3h4 Bf7 20. g4 Rae8 21. Ng2 Nc8 22.
h4 Bd8 23. c4 Nce7 24. Ng3 Nc8 25. h5 Nge7 26. Nh4 Rg8 27. Qf3 Nb6 28. cxb5
axb5 29. g5 fxg5 30. Bxg5 Nexd5 31. Bxd8 Qxd8 32. exd5 Qxh4 33. Qxf7 Ref8 34.
Re4 Qxg3+ 35. fxg3 Rxf7 36. Rb4 Nxd5 37. Rxb5 c6 38. Ra5 g6 39. hxg6 hxg6 40.
Be4 Ne7 41. Ra7 d5 42. Bd3 Kg7 43. Kg2 Nf5 44. Rxf7+ Kxf7 45. Rf1 Ke6 46. Rc1
Kd6 47. Be2 Ra8 48. a4 Nd4 49. Bd1 Rb8 50. Rb1 c5 51. Kf2 Rb4 52. a5 Kc6 53. a6
Kb6 54. Ra1 Ka7 55. Ra5 Rb5 56. Ra3 e4 57. Ke3 Ne6 58. Bg4 Nc7 59. Bc8 g5 60.
Bb7 Rb6 61. Bxd5 Nxd5+ 62. Kxe4 Rxa6 63. Rxa6+ Kxa6 64. Kxd5 Kb5 65. Kd6 g4 0-1

[Event "3rd Kwik Kash Quad"]
[Site "Columbus, Ohio"]
[Date "1977.08.15"]
[Round "1"]
[White "Davenport, Alan"]
[Black "Moody, David"]
[Result "0-1"]
[WhiteElo "1597"]
[BlackElo "1557"]
[PlyCount "78"]
[EventDate "1977.08.15"]

1. e4 e5 2. Nf3 Nc6 3. d4 exd4 4. c3 d3 5. c4 Bc5 6. Bxd3 d6 7. Nc3 Nf6 8. O-O
Bg4 9. h3 Bh5 10. Be2 Qe7 11. Bg5 Bxf3 12. Bxf3 Qe5 13. Bh4 g5 14. Bg3 Qxg3 15.
Nd5 Nxd5 16. exd5 Ne5 17. Qa4+ b5 18. Qxb5+ c6 19. Qb3 Nxf3+ 20. Qxf3 Qxf3 21.
gxf3 cxd5 22. cxd5 Rb8 23. Rab1 Rb4 24. Rfe1+ Kd7 25. Re4 Rxe4 26. fxe4 Rb8 27.
Kg2 a5 28. f3 a4 29. b3 a3 30. Kg3 Ke7 31. Kg4 Kf6 32. f4 gxf4 33. Kxf4 Rb4 34.
Rc1 Rd4 35. Rc2 Rd3 36. h4 h5 37. Re2 Bd4 38. e5+ Bxe5+ 39. Ke4 Rd4+ 0-1

[Event "U.S. Open"]
[Site "Columbus, Ohio"]
[Date "1977.08.16"]
[Round "9"]
[White "Moody, David"]
[Black "Harless, Paul"]
[Result "0-1"]
[WhiteElo "1557"]
[BlackElo "1957"]
[PlyCount "70"]
[EventDate "1977.08.07"]

1. Nc3 c5 2. Nf3 Nc6 3. d4 cxd4 4. Nxd4 e5 5. Ndb5 Nf6 6. e4 d6 7. Nd5 Nxd5 8.
exd5 Nb8 9. c4 a6 10. Qa4 Bd7 11. Qa3 Bxb5 12. cxb5 Be7 13. Bd2 O-O 14. Rc1 Nd7
15. bxa6 Nc5 16. a7 Bg5 17. Bxg5 Qxg5 18. Qe3 Qxe3+ 19. fxe3 Rxa7 20. a3 f5 21.
Be2 Na4 22. Rc2 Nb6 23. Kf2 Rd8 24. Bb5 Kf8 25. Rd1 Ra5 26. a4 Nxa4 27. Bxa4
Rxa4 28. Rc7 Rb4 29. Rd2 Rb6 30. Kg3 Rb3 31. Kh4 Rxe3 32. Kg5 Rb3 33. Kxf5 Re8
34. Rf2 Kg8 35. Rd7 Rf8+ 0-1

[Event "4th Kwik Kash Quad"]
[Site "Columbus, Ohio"]
[Date "1977.08.17"]
[Round "1"]
[White "Smith, Michael R"]
[Black "Moody, David"]
[Result "0-1"]
[WhiteElo "1580"]
[BlackElo "1557"]
[PlyCount "34"]
[EventDate "1977.08.17"]

1. e4 e5 2. Nf3 Nc6 3. Bb5 a6 4. Ba4 Nf6 5. O-O Be7 6. Re1 b5 7. Bb3 O-O 8. a4
Bb7 9. d3 d5 10. exd5 Nxd5 11. Nxe5 Nxe5 12. Rxe5 Bd6 13. Re1 Qh4 14. g3 Qh3
15. Qf3 Rae8 16. Rxe8 Rxe8 17. Be3 Nf4 0-1

[Event "U.S. Open"]
[Site "Columbus, Ohio"]
[Date "1977.08.17"]
[Round "10"]
[White "Merado, Martin"]
[Black "Moody, David"]
[Result "1-0"]
[WhiteElo "1832"]
[BlackElo "1557"]
[PlyCount "71"]
[EventDate "1977.08.07"]

1. e4 e5 2. Nf3 Nc6 3. Bb5 a6 4. Ba4 Nf6 5. d3 b5 6. Bb3 Be7 7. Bd5 Nxd5 8.
exd5 Nb4 9. Nc3 a5 10. a3 Na6 11. Nxb5 d6 12. Bd2 Nc5 13. d4 Na4 14. b3 Nb6 15.
dxe5 dxe5 16. c4 O-O 17. O-O Bg4 18. h3 Bxf3 19. Qxf3 c6 20. Nc3 a4 21. Nxa4
Nxa4 22. bxa4 Rxa4 23. Qb3 Qa8 24. Bc3 Rb8 25. Qd1 Rxc4 26. Bxe5 Rb5 27. Qe2
cxd5 28. Bxg7 Qb7 29. Bh6 Rh4 30. Qe3 Kh8 31. Rfe1 Re4 32. Qg3 Bf6 33. Rac1 Qb8
34. Rxe4 dxe4 35. Qf4 Qxf4 36. Rc8+ 1-0

[Event "4th Kwik Kash Quad"]
[Site "Columbus, Ohio"]
[Date "1977.08.17"]
[Round "2"]
[White "Meinking, Daniel"]
[Black "Moody, David"]
[Result "1-0"]
[WhiteElo "1579"]
[BlackElo "1557"]
[PlyCount "59"]
[EventDate "1977.08.17"]

1. d4 d5 2. Nf3 Nf6 3. Bf4 c6 4. e3 Qb6 5. Qc1 Bf5 6. Bd3 Bxd3 7. cxd3 e6 8. a3
Nbd7 9. Nc3 Rc8 10. b4 a5 11. bxa5 Qxa5 12. O-O Be7 13. a4 O-O 14. Qb2 b6 15.
Rfc1 Nh5 16. Ne5 Nxf4 17. Nxd7 Nxd3 18. Qxb6 Qxb6 19. Nxb6 Rb8 20. Rcb1 Bb4 21.
Ncxd5 cxd5 22. Nd7 Bc3 23. Nxf8 Rxb1+ 24. Rxb1 Kxf8 25. Rb3 Nc1 26. Rb8+ Ke7
27. a5 Na2 28. Rc8 Kd7 29. Rf8 Ke7 30. a6 1-0

[Event "U.S. Open"]
[Site "Columbus, Ohio"]
[Date "1977.08.18"]
[Round "11"]
[White "Moody, David"]
[Black "Wolford, David"]
[Result "1-0"]
[WhiteElo "1557"]
[BlackElo "1772"]
[PlyCount "111"]
[EventDate "1977.08.07"]

1. Nc3 d5 2. d4 Nf6 3. Bg5 e6 4. e4 dxe4 5. Nxe4 Be7 6. Nxf6+ Bxf6 7. Bxf6 Qxf6
8. Bd3 O-O 9. Nf3 Nc6 10. c3 b6 11. Qe2 Bb7 12. O-O-O Rad8 13. h4 Rfe8 14. Ng5
g6 15. Qg4 h6 16. Ne4 Qg7 17. Qf4 f5 18. Ng3 Nxd4 19. cxd4 Rxd4 20. Qd2 Red8
21. Qc3 Qd7 22. Bc2 c5 23. Ne2 Rxd1+ 24. Rxd1 Bd5 25. Nf4 Qf7 26. Qe5 Rd7 27.
Ba4 Re7 28. Nxd5 exd5 29. Qxd5 Qxd5 30. Rxd5 Re4 31. Bb3 c4 32. Bd1 Rxh4 33.
Rd7 Rf4 34. Bf3 Kf8 35. Kd2 g5 36. Ke3 Rh4 37. Rxa7 Rh1 38. Rb7 Rb1 39. Rxb6 c3
40. Kd3 cxb2 41. Kc2 Rf1 42. Kxb2 Rxf2+ 43. Kb3 g4 44. Bd5 Kg7 45. a4 Rd2 46.
Kc4 f4 47. a5 Ra2 48. Kb5 Ra3 49. a6 f3 50. gxf3 gxf3 51. Rb7+ Kg6 52. Rf7 h5
53. Rxf3 Ra1 54. Rf4 Rd1 55. Bc6 Kg5 56. Ra4 1-0

[Event "5th Kwik Kash Quad"]
[Site "Columbus, Ohio"]
[Date "1977.08.18"]
[Round "2"]
[White "Moody, David"]
[Black "Braak, Dairen"]
[Result "1-0"]
[WhiteElo "1557"]
[BlackElo "1556"]
[PlyCount "83"]
[EventDate "1977.08.18"]

1. Nc3 d5 2. d4 Nf6 3. Bg5 e6 4. e4 dxe4 5. Nxe4 Be7 6. Nxf6+ Bxf6 7. Bxf6 Qxf6
8. Nf3 O-O 9. Bd3 Nc6 10. Qe2 Nxd4 11. Nxd4 Qxd4 12. O-O-O Qf6 13. g4 g6 14. h4
e5 15. Rdg1 Bd7 16. h5 g5 17. Qe4 Qf4+ 18. Qxf4 exf4 19. Be4 c6 20. f3 h6 21.
Rd1 Be6 22. Rd6 Rad8 23. Rhd1 Rxd6 24. Rxd6 Re8 25. b3 Kf8 26. c4 Ke7 27. c5
Rd8 28. Rxd8 Kxd8 29. Kd2 Kc7 30. Kd3 Kd7 31. Kd4 Ke7 32. Ke5 f6+ 33. Kd4 Bd7
34. b4 Be6 35. a4 Bb3 36. a5 a6 37. b5 axb5 38. Bxc6 Kd8 39. Bxb7 Kc7 40. a6
Kb8 41. c6 Be6 42. Kc5 1-0

[Event "5th Kwik Kash Quad"]
[Site "Columbus, Ohio"]
[Date "1977.08.18"]
[Round "1"]
[White "Davenport, Alan"]
[Black "Moody, David"]
[Result "1-0"]
[WhiteElo "1597"]
[BlackElo "1557"]
[PlyCount "59"]
[EventDate "1977.08.18"]

1. e4 e5 2. Nf3 Nc6 3. Bb5 a6 4. Ba4 Nf6 5. O-O Be7 6. Re1 b5 7. Bb3 O-O 8. c3
d5 9. exd5 Nxd5 10. Nxe5 Nxe5 11. Rxe5 Bd6 12. Rxd5 Bb7 13. Rh5 g6 14. Rh3 Qg5
15. Rg3 Bxg3 16. hxg3 Rae8 17. d4 Qe7 18. Be3 Qe4 19. Qf1 Re7 20. Nd2 Qg4 21.
Rd1 Rfe8 22. d5 a5 23. Qxb5 Bc8 24. Nf3 Bf5 25. Qxa5 Be4 26. Qa4 Bxf3 27. gxf3
Qxf3 28. Qf4 Rxe3 29. fxe3 Qe2 30. d6 1-0

[Event "U.S. Open"]
[Site "Columbus, Ohio"]
[Date "1977.08.19"]
[Round "12"]
[White "Norden, Steve"]
[Black "Moody, David"]
[Result "1/2-1/2"]
[WhiteElo "1801"]
[BlackElo "1557"]
[PlyCount "78"]
[EventDate "1977.08.07"]

1. e4 e5 2. Nf3 Nc6 3. Bc4 Bc5 4. d3 Nf6 5. Nc3 d6 6. Be3 Bb6 7. h3 Be6 8. Bb3
Qd7 9. Ng5 O-O-O 10. Nxe6 fxe6 11. O-O d5 12. Bg5 Qf7 13. Qf3 Nd4 14. Qg3 h6
15. Bc1 dxe4 16. Qxe5 Nxb3 17. axb3 exd3 18. cxd3 Rxd3 19. Na4 Bd4 20. Qe2 Rd8
21. Bf4 Nh5 22. Bh2 Qg6 23. Kh1 Rf8 24. Qc2 Nf4 25. Bxf4 Rxf4 26. Rac1 c6 27.
Nc5 Bxc5 28. Qxc5 Qf5 29. Qxa7 Rxh3+ 30. Kg1 Rxb3 31. Rc5 Qf6 32. Rd1 Rfb4 33.
Rd6 Rb6 34. Rf5 Ra6 35. Qxa6 bxa6 36. Rxc6+ Kd7 37. Rxf6 gxf6 38. Rxa6 Rxb2 39.
Ra7+ Kd6 1/2-1/2

[Event "Michigan Open"]
[Site "Ypsilanti, Mich."]
[Date "1977.09.03"]
[Round "2"]
[White "Moody, David"]
[Black "Vandivier, Don"]
[Result "0-1"]
[WhiteElo "1538"]
[BlackElo "1817"]
[PlyCount "64"]
[EventDate "1977.09.02"]

1. Nc3 e5 2. e4 Bc5 3. Nf3 Nc6 4. Bb5 Nf6 5. O-O d6 6. d4 exd4 7. Nxd4 Bd7 8.
Nxc6 bxc6 9. Bc4 O-O 10. Bg5 a5 11. Qf3 Bd4 12. Rad1 Be5 13. h3 h6 14. Bh4 Be6
15. Qd3 c5 16. f4 Bd4+ 17. Kh1 Qd7 18. b3 Bxc3 19. Qxc3 Nxe4 20. Qd3 f5 21. Rf3
c6 22. Qe2 d5 23. Bd3 Nc3 24. Qe1 Nxd1 25. Qxd1 a4 26. Rg3 axb3 27. axb3 c4 28.
Bf1 cxb3 29. cxb3 d4 30. Qh5 Ra1 31. Kg1 Bxb3 32. Qxh6 Bc4 0-1

[Event "Michigan Open"]
[Site "Ypsilanti, Mich."]
[Date "1977.09.03"]
[Round "3"]
[White "Moody, David"]
[Black "Carmack, Bob"]
[Result "1-0"]
[WhiteElo "1538"]
[BlackElo "1293"]
[PlyCount "49"]
[EventDate "1977.09.02"]

1. Nc3 Nf6 2. e4 e5 3. Bc4 Bb4 4. d3 Bxc3+ 5. bxc3 O-O 6. Nf3 Nc6 7. O-O d6 8.
Ba3 Bg4 9. Qe2 Re8 10. Qe3 a6 11. Bb2 h6 12. Nd2 Nh7 13. f4 Be6 14. fxe5 Nxe5
15. Bxe6 Rxe6 16. d4 Ng6 17. c4 Nh4 18. Nf3 Nf5 19. Qf4 Ne7 20. d5 Rg6 21. Nh4
Rg5 22. Qxf7+ Kh8 23. Nf5 Nxf5 24. Rxf5 Rxf5 25. Qxg7# 1-0

[Event "Michigan Open"]
[Site "Ypsilanti, Mich."]
[Date "1977.09.04"]
[Round "4"]
[White "Zacks, Naum"]
[Black "Moody, David"]
[Result "1-0"]
[WhiteElo "1815"]
[BlackElo "1538"]
[PlyCount "133"]
[EventDate "1977.09.02"]

1. e4 e5 2. d4 exd4 3. Qxd4 Nc6 4. Qe3 Nf6 5. e5 Ng4 6. Qe4 h5 7. Bc4 Bc5 8.
Bxf7+ Kxf7 9. Qd5+ Ke8 10. Qxc5 Ngxe5 11. Ne2 d6 12. Qd5 Qf6 13. Nbc3 Be6 14.
Qe4 Kd7 15. Be3 Rae8 16. O-O-O Ng4 17. Qa4 Nxe3 18. fxe3 Rhf8 19. Nd4 Bg4 20.
Rde1 Qg5 21. Nxc6 bxc6 22. Qxa7 Rf2 23. Kb1 Rxg2 24. h4 Qf5 25. Rc1 Qf2 26.
Rhf1 Qxh4 27. Rf7+ Re7 28. Rf8 Rf2 29. Rh8 d5 30. Qb8 Rff7 31. e4 d4 32. Rd8+
Ke6 33. Rxd4 Rd7 34. Qe8+ Qe7 35. Qxe7+ Rfxe7 36. Rc4 Rd6 37. Rc5 Kd7 38. a4
Re8 39. a5 Ra8 40. Rg5 g6 41. Rf1 Ke7 42. b3 Rf6 43. Re1 Kf7 44. Kb2 Bf3 45. b4
h4 46. e5 Rf5 47. e6+ Kf6 48. Rgg1 h3 49. Ne4+ Ke7 50. Rxg6 Re5 51. Rg7+ Kxe6
52. Ng5+ Kf6 53. Rf7+ Kg6 54. Rxe5 h2 55. Rh7 h1=Q 56. Rxh1 Bxh1 57. Rc5 Kf6
58. Nh3 Ke7 59. Nf2 Bg2 60. Nd3 Kd8 61. Rg5 Bd5 62. Rg7 Kc8 63. Nc5 Kb8 64. Rd7
Bf3 65. Kc3 Bd5 66. Kd4 Bf3 67. c3 1-0

[Event "Michigan Open"]
[Site "Ypsilanti, Mich."]
[Date "1977.09.04"]
[Round "5"]
[White "McKenzie, Robert"]
[Black "Moody, David"]
[Result "0-1"]
[WhiteElo "1301"]
[BlackElo "1538"]
[PlyCount "40"]
[EventDate "1977.09.02"]

1. e4 e5 2. Nf3 Nc6 3. Bb5 a6 4. Ba4 Nf6 5. O-O Be7 6. Re1 b5 7. Bb3 O-O 8. c3
d5 9. exd5 Nxd5 10. Nxe5 Nxe5 11. Rxe5 c6 12. d4 Bd6 13. Re1 Qh4 14. g3 Qh3 15.
Be3 Bg4 16. Qd3 Rae8 17. Nd2 f5 18. a4 f4 19. Ne4 Rxe4 20. Qxe4 f3 0-1

[Event "Michigan Open"]
[Site "Ypsilanti, Mich."]
[Date "1977.09.05"]
[Round "6"]
[White "Moody, David"]
[Black "Hughes, Brad"]
[Result "0-1"]
[WhiteElo "1538"]
[BlackElo "1671"]
[PlyCount "42"]
[EventDate "1977.09.02"]

1. Nc3 Nf6 2. d4 d5 3. Bg5 Bf5 4. Bxf6 gxf6 5. e3 Rg8 6. Qf3 e6 7. Bd3 Bxd3 8.
cxd3 Na6 9. Nge2 c6 10. O-O-O Bd6 11. Rhe1 Qe7 12. e4 Nc7 13. g3 O-O-O 14. Nf4
Bb4 15. Qe2 Nb5 16. Qc2 Nxd4 17. Qa4 Qc5 18. Kb1 Bxc3 19. bxc3 Nb5 20. Ne2 Qxc3
21. Qxb5 Qxe1 0-1

[Event "Michigan Open"]
[Site "Ypsilanti, Mich."]
[Date "1977.09.05"]
[Round "7"]
[White "DeJongh, John"]
[Black "Moody, David"]
[Result "0-1"]
[WhiteElo "1315"]
[BlackElo "1538"]
[PlyCount "82"]
[EventDate "1977.09.02"]

1. e4 e5 2. Nf3 Nc6 3. d4 exd4 4. Nxd4 Nf6 5. Nc3 Bb4 6. Nxc6 bxc6 7. Bd2 Qe7
8. Bd3 Bxc3 9. Bxc3 Nxe4 10. Qe2 Nxc3 11. Qxe7+ Kxe7 12. bxc3 Rb8 13. O-O Re8
14. Bc4 d5 15. Bb3 Kd6 16. Rfd1 Re5 17. c4 Be6 18. cxd5 cxd5 19. c4 c6 20. Rac1
c5 21. Rc3 d4 22. h3 a5 23. f4 Re2 24. Rf3 a4 25. Bxa4 Bxc4 26. Ra3 Rbb2 27.
Rg3 g6 28. Bb3 Bd5 29. Bxd5 Kxd5 30. a4 Ra2 31. Kf1 Reb2 32. Re3 Rxa4 33. Re5+
Kd6 34. Rc1 Ra5 35. Re8 Raa2 36. Rce1 Rf2+ 37. Kg1 Rxg2+ 38. Kh1 Rgd2 39. Rf8
d3 40. Rxf7 Re2 41. Rf6+ Ke7 0-1